000 00503nam a2200157 i 4500
001 bg
245 0 _aKatalog Nakładów Rzeczowych nr 5-15 /
_cMinisterstwo Górnictwa i Energetyki ; [Przedsiębiorstwo Budownictwa Elektroenergetycznego ELBUD].
254 _aKNR5-15
260 _aKraków :
_bEnergoprojekt,
_c1984.
650 9 _astacje elektroenergetyczne
650 9 _arozdzielnie elektroenergetyczne
040 _cBPK
041 _apol
942 _cKA
008 s pl f |000 0 pol
999 _c10114
_d10114
856 _uhttp://koha.tu.koszalin.pl/cgi-bin/koha/opac-detail.pl?biblionumber=10114
_yKatalog online BPK